| 000 | 00548nam a2200181 i 4500 | ||
|---|---|---|---|
| 001 | 141269 | ||
| 003 | ES-MaACL | ||
| 007 | t| | ||
| 008 | 070920s1985 sp ||||1| spa d | ||
| 080 | _a53 | ||
| 100 | 1 |
_aVillar Iglesias, Enrique. _9115091 |
|
| 245 | 1 | 0 |
_aSelección de trabajos inéditos de física _b: with an annex in english / _cEnrique Villar Iglesias. |
| 260 |
_a[Barcelona] : _bEl autor, _c1985. |
||
| 300 |
_a71 p. ; _c24 cm. |
||
| 650 | 1 | 7 |
_aFísica _2embne _912877 |
| 852 |
_aES-MaACL _jL-8313 _bR.108696 |
||
| 999 |
_c141269 _d141269 |
||